000 02968nam a22002897a 4500
008 251024b |||||||| |||| 00| 0 eng d
020 _a9783836571739
040 _cTBS
041 _aeng
050 _aG156.5.H47
_bN49 2024
245 _aThe New York Times cultured traveler
_b: 100 trips for curious minds from Agadit to Yogyakarta
_c/ edited by Barbara Ireland.
246 _aCultured traveler
_b: 100 trips for curious minds from Agadit to Yogyakarta
246 _aNew York Times cultured traveler one hundred trips for curious minds from Agadit to Yogyakarta
260 _aCologne :
_bTaschen,
_c2024
300 _a679 pages
_b: color illustrations ;
_c25 cm.
520 _aSome travelers dig deep, with a sharp appetite for knowledge and minds wide open to what’s old and what’s new. In Cultured Traveler, the latest in the travel book collaborations between The New York Times and TASCHEN, these adventurers hum to Mozart in Vienna and tap their toes to dance music in Dar es Salaam. They pursue Hamlet in Elsinore, Picasso on the French Riviera, and Le Corbusier in India. They follow in the footsteps of Georgia O’Keeffe, Jackie Kennedy, and even Jesus. Through 100 stories of their trips around the globe, talented Times travel writers and photographers invite readers to share in their discoveries. Pack your suitcase with curiosity for a trek to see Buddhist cave art in China or an afternoon of kayaking in Germany’s intriguing and idyllic Spreewald. Challenge your senses along with your wits tasting maple syrup in Quebec or octopus snacks at a Japanese baseball game, sniffing the flowers in French perfume country, and sipping Cognac in none other than the place called Cognac. And, as always, sample each writer’s unique point of view. Henry Shukman, poet and teacher of Zen, hikes in England on Europe’s oldest road amid a landscape he describes as “elemental, austere, with a kind of monumental elegance.” Jason Wilson, the series editor for The Best American Travel Writing, follows the trail of the Stradivarius in fascinating prose, though he confesses, “I do not, in fact, play the violin.” The veteran travel writer and author Tony Perrottet, with Sydney’s art scene as Exhibit A, sets out to prove that “Australia has a lot more to offer than rampant hedonism and cuddly koalas.” The best travel is both fun and a learning experience. With Times-quality journalism and visuals, illuminating historic photos, and tips on what to read and watch for inspiration, Cultured Traveler gets you in the thick of it.
650 0 _aCulture
_94441
650 0 _aTravel
_vGuidebooks
_926326
655 0 _aTravel writing
_925782
655 0 _aTravel guidebooks
_922406
655 0 _aEssays
_925275
700 _aIreland, Barbara
_926327
_eeditor
700 _aAdams, Mark
_926328
_econtributor
700 _aVirshup, Amy
_926329
_ewriter of introduction
710 _aNew York Times Company
_926330
942 _2lcc
999 _c5107
_d5107